Sudden Death - Nachbarländer Ungarns - Statistiken

Allgemein
  • Dieses Quiz wurde 152 mal gespielt
  • Das Durchschnittsergebnis liegt bei 3 aus 7
Answers on the Grid
Answers color-coded by a green-red scale on the quiz's grid according to % correct below.
Slowakei🇸🇰
Österreich🇦🇹
Slowenien🇸🇮
Kroatien🇭🇷
Serbien🇷🇸
Rumänien🇷🇴
Ukraine🇺🇦
Tschechien🇨🇿
Russland🇷🇺
Deutschland🇩🇪
Polen🇵🇱
Moldau🇲🇩
Bosnien-Herzegowina🇧🇦
Bulgarien🇧🇬
Frankreich🇫🇷
Lettland🇱🇻
Litauen🇱🇹
Kasachstan🇰🇿
Belarus🇧🇾
Schweiz🇨🇭
 
Antwortstatistiken
Antwort % Korrekt
Österreich🇦🇹
78%
Slowakei🇸🇰
57%
Rumänien🇷🇴
41%
Serbien🇷🇸
40%
Kroatien🇭🇷
37%
Ukraine🇺🇦
36%
Slowenien🇸🇮
35%
Keine übereinstimmenden Quizze gefunden
Verteilung der Resultate
Anzahl Personen mit jedem Resultat
Perzentil nach korrekt beantworteten Fragen
Ihre Resultats-Entwicklung
Sie haben dieses Quiz noch nicht gespielt